000
00333 a2200157 4500
001
192868
020
_a
978-85-368-0285-5
040
_c
Magnum
100
_a
Shelley, Mary
240
1
0
_a
Frankenstein
_l
por
245
1
0
_a
Frankenstein
300
_a
111
362
0
_a
2007
697
_a
LITERATURA JUVENIL ESTRANGEIRA
942
_c
BK
999
_c
192868
_d
192868